Every NHL Teams Who Have Changed Their Names - Statistics

General Stats
  • This quiz has been taken 31 times
  • The average score is 6 of 6
Answer Stats
Original Name Name Now % Correct
Atlanta Flames Calgary Flames
96%
Quebec Nordiques Colorado Avalanche
96%
Minnesota North Stars Dallas Stars
96%
Atlanta Thrashers Winnipeg Jets
96%
Hartford Whalers Carolina Hurricanes
93%
Detroit Cougars Detroit Red Wings
78%
No matching quizzes found
Score Distribution
Percent of People with Each Score
Percentile by Number Answered
Your Score History
You have not taken this quiz